| 000 | 01038nam a22003137a 4500 | ||
|---|---|---|---|
| 001 | 7265 | ||
| 003 | FISKH | ||
| 005 | 20250707082835.0 | ||
| 008 | 250707b cb ||||| |||| 00| 0 eng d | ||
| 020 | _a9789833721948 | ||
| 040 |
_aFISKH _beng _cFISKH _dFISKH428 |
||
| 050 | _aPZ7 | ||
| 082 | _a428 | ||
| 100 | _aRiche, Sarah | ||
| 245 |
_aKip, the pet cat : _bKey words with red series / _cText : Sarah Riche and Vic Esar ; Illustrations : Chong and Zeemy |
||
| 260 |
_aKuala Lumpur : _bMind to Mind, _c2008. |
||
| 300 |
_a16 pages : _bcolor illustrations ; _c21 cm |
||
| 490 | _aMind to mind : 6b | ||
| 505 | _aE | ||
| 520 | _aKip The Pet Cat Key Words With Red Series 6b - Sound Works For Emergent Readers show less | ||
| 521 | 8 |
_a160
_bLexile estimate |
|
| 521 | 8 |
_aE
_bRaz-Plus |
|
| 650 |
_aDecodable readers _vCats / Pets _xBeginner readers _yPhonics |
||
| 700 |
_aEsar, Vic _eAuthor |
||
| 700 |
_aChong _eillustrator |
||
| 700 |
_aZeemy _dillustrator |
||
| 942 |
_2ddc _cBK _n0 |
||
| 999 |
_c7265 _d7265 |
||